Normal view
MARC view
Entry Topical Term
001 - CONTROL NUMBER
- control field: 23264
003 - CONTROL NUMBER IDENTIFIER
- control field: OSt
005 - DATE AND TIME OF LATEST TRANSACTION
- control field: 20210310152727.0
008 - FIXED-LENGTH DATA ELEMENTS
- fixed length control field: 210310|| aca||aabn | a|a d
040 ## - CATALOGING SOURCE
- Original cataloging agency: OSt
- Transcribing agency: OSt
150 ## - HEADING--TOPICAL TERM
- Topical term or geographic name entry element: Economic growth, LDC, FDI, Indian-assistance, Bangladesh, India
670 ## - SOURCE DATA FOUND
- Source citation: Work cat.: (OSt): Ratna 23263, India’s role in sharp economic growth of Bangladesh: a study of NDA regime after 2014
